[Event "SVK-chT1W 2425"]
[Site "Slovakia"]
[Date "2025.02.02"]
[Round "7.3"]
[White "Zetocha, Adrian"]
[Black "Gaspar, David"]
[Result "1-0"]
[WhiteElo "2187"]
[BlackElo "2036"]
[PlyCount "81"]
[EventDate "2024.11.16"]
[EventType "team-tourn"]
[EventRounds "11"]
[EventCountry "SVK"]
[SourceTitle "CB14_2025"]
[SourceDate "2024.11.01"]
[SourceVersion "1"]
[SourceVersionDate "2024.11.01"]
[SourceQuality "1"]
[WhiteTeam "Bratislava Slovan II"]
[BlackTeam "Dunajska Streda II"]
[WhiteTeamCountry "SVK"]
[BlackTeamCountry "SVK"]

1. d4 d6 2. Nf3 Nf6 3. c4 g6 4. Nc3 Bg7 5. Bg5 c6 6. e3 Nbd7 7. Be2 0-0 8. Qc2 a6 9. a4 Qa5 10. 0-0 e5 11. b4 Qc7 12. Rac1 b6 13. Rfd1 Bb7 14. dxe5 dxe5 15. Nd2 c5 16. b5 Rfe8 17. Nd5 Nxd5 18. cxd5 Bxd5 19. bxa6 Nb8 20. Ne4 Bc6 21. Nd6 Nxa6 22. Nxe8 Bxe8 23. Bb5 h6 24. Bd8 Rxd8 25. Rxd8 Qxd8 26. Bxa6 Qa8 27. Bb5 e4 28. Qc4 Bf6 29. Rd1 Be5 30. Qd5 Qxd5 31. Rxd5 Bxb5 32. axb5 Bc3 33. Rd6 Ba5 34. Rc6 Kf8 35. Kf1 Ke7 36. g4 f6 37. h4 Kf7 38. Kg2 h5 39. gxh5 gxh5 40. Kg3 Kg6 41. Kf4 1-0

[Event "HUN-chT2 Breyer 2324"]
[Site "Hungary"]
[Date "2024.04.07"]
[Round "7.4"]
[White "Sipos, Stefania Katalin"]
[Black "Gaspar, David"]
[Result "1/2-1/2"]
[WhiteElo "1855"]
[BlackElo "2037"]
[PlyCount "141"]
[EventDate "2023.10.08"]
[EventType "team-tourn"]
[EventRounds "9"]
[EventCountry "HUN"]
[SourceTitle "EXT 2025"]
[Source "ChessBase"]
[SourceDate "2024.10.14"]
[SourceVersion "1"]
[SourceVersionDate "2024.10.14"]
[SourceQuality "1"]
[WhiteTeam "Naszaly Geniusz Tata"]
[BlackTeam "Tatabanya Turul"]
[WhiteTeamCountry "HUN"]
[BlackTeamCountry "HUN"]

1. e4 d5 2. exd5 Nf6 3. d4 Bg4 4. f3 Bf5 5. g4 Bg6 6. c4 e6 7. Nc3 h6 8. dxe6 fxe6 9. Bd3 Bf7 10. Nge2 Nc6 11. Be3 Qd7 12. Qa4 0-0-0 13. 0-0-0 a6 14. Kb1 Kb8 15. a3 Be8 16. Rhe1 Qd6 17. c5 Qe7 18. Qc2 e5 19. Bf5 Qf7 20. dxe5 Rxd1+ 21. Qxd1 Nxe5 22. Qd8+ Ka7 23. c6+ b6 24. Bxb6+ cxb6 25. c7 Nc6 26. c8N+ Ka8 27. Qxb6 Qb7 28. Rd1 g6 29. Be6 Qxb6 30. Nxb6+ Kb7 31. Nbd5 Bd7 32. Bxd7 Nxd7 33. Nb4 Nde5 34. Nxc6 Nxc6 35. f4 Bc5 36. Rd7+ Kc8 37. Rg7 g5 38. f5 Ne5 39. Nd5 Bf8 40. Rc7+ Kb8 41. h3 h5 42. gxh5 Rxh5 43. Rc3 g4 44. hxg4 Nxg4 45. Ng3 Rg5 46. Rf3 Nh6 47. Nf6 Rg7 48. Nfe4 Kc7 49. Kc2 Nf7 50. Kb3 Ne5 51. Rc3+ Kb6 52. Nf6 Nc6 53. Nd5+ Kb7 54. Ka2 Nd4 55. Rd3 Bd6 56. Ne4 Be5 57. f6 Rf7 58. Ng5 Rf8 59. Ne6 Nxe6 60. Re3 Nc7 61. Rxe5 Nxd5 62. Rxd5 Rxf6 63. Kb3 Kb6 64. Ka4 Rh6 65. b3 Rg6 66. Rd4 a5 67. Rd5 Rg4+ 68. b4 axb4 69. axb4 Rg6 70. Kb3 Rg3+ 71. Kc4 1/2-1/2

[Event "HUN-chT2 Breyer 2324"]
[Site "Hungary"]
[Date "2024.03.10"]
[Round "6.4"]
[White "Gaspar, David"]
[Black "Balog, Tamas"]
[Result "1/2-1/2"]
[WhiteElo "2037"]
[BlackElo "2028"]
[PlyCount "44"]
[EventDate "2023.10.08"]
[EventType "team-tourn"]
[EventRounds "9"]
[EventCountry "HUN"]
[SourceTitle "EXT 2025"]
[Source "ChessBase"]
[SourceDate "2024.10.14"]
[SourceVersion "1"]
[SourceVersionDate "2024.10.14"]
[SourceQuality "1"]
[WhiteTeam "Tatabanya Turul"]
[BlackTeam "Zsambek"]
[WhiteTeamCountry "HUN"]
[BlackTeamCountry "HUN"]

1. e4 c6 2. b3 d5 3. Bb2 dxe4 4. Nc3 Nf6 5. Nge2 Qa5 6. Ng3 e3 7. fxe3 Bg4 8. Be2 Bxe2 9. Qxe2 e6 10. a3 Nbd7 11. Nce4 Be7 12. 0-0 h5 13. b4 Qc7 14. Nxf6+ Nxf6 15. Bxf6 gxf6 16. Nxh5 Qe5 17. Nf4 0-0-0 18. g3 Rdg8 19. Rae1 Bd6 20. Rf2 Qe4 21. Rg2 Qxc2 22. Qd3 Qxd3 1/2-1/2

[Event "SVK-chT2A 2324"]
[Site "Slovakia"]
[Date "2024.02.10"]
[Round "8.4"]
[White "Gaspar, David"]
[Black "Sarmir, Milos"]
[Result "1-0"]
[WhiteElo "2002"]
[BlackElo "1938"]
[PlyCount "113"]
[EventDate "2023.10.07"]
[EventType "team-tourn"]
[EventRounds "11"]
[EventCountry "SVK"]
[SourceTitle "EXT 2025"]
[Source "ChessBase"]
[SourceDate "2024.10.14"]
[SourceVersion "1"]
[SourceVersionDate "2024.10.14"]
[SourceQuality "1"]
[WhiteTeam "Dunajska Streda II"]
[BlackTeam "Cifer"]
[WhiteTeamCountry "SVK"]
[BlackTeamCountry "SVK"]

1. e4 e5 2. Nc3 Nc6 3. f4 d6 4. Nf3 Nf6 5. d4 exd4 6. Nxd4 Nxd4 7. Qxd4 Be7 8. Be2 0-0 9. h3 a6 10. Be3 b5 11. a3 Bb7 12. Bf3 Nd7 13. 0-0 f5 14. Nd5 Kh8 15. exf5 c6 16. Nxe7 Qxe7 17. Qd3 d5 18. Rae1 Qf7 19. Bf2 c5 20. Re6 c4 21. Qd4 Nf6 22. Bh4 Rae8 23. Bxf6 gxf6 24. Rfe1 Rxe6 25. fxe6 Qe7 26. c3 Rd8 27. f5 Kg8 28. Rd1 Kg7 29. Qg4+ Kh8 30. Rd4 Qc7 31. Qh5 Bc6 32. Rh4 Rg8 33. Qh6 Qe7 34. Qf4 a5 35. Qd4 Rb8 36. Bh5 Rg8 37. Bg6 Rg7 38. Qb6 Bb7 39. Qxb5 Kg8 40. Qe8+ Qxe8 41. Bxe8 Kf8 42. Ba4 Ke7 43. Rg4 Rg5 44. Rxg5 fxg5 45. Kf2 Kf6 46. g3 h5 47. h4 gxh4 48. gxh4 d4 49. cxd4 Be4 50. Bb5 Bxf5 51. Bxc4 Bg6 52. Kg3 Be8 53. Kf4 Bg6 54. b4 axb4 55. axb4 Be8 56. d5 Ba4 57. b5 1-0

[Event "HUN-ch Rapid"]
[Site "Ajka"]
[Date "2023.07.21"]
[Round "1"]
[White "Sjugirov, Sanan"]
[Black "Gaspar, David"]
[Result "1-0"]
[WhiteElo "2699"]
[BlackElo "2064"]
[PlyCount "77"]
[EventDate "2023.07.21"]
[EventType "swiss (rapid)"]
[EventRounds "13"]
[EventCountry "HUN"]
[SourceTitle "CBM 215 Extra"]
[Source "ChessBase"]
[SourceDate "2023.09.30"]
[SourceVersion "1"]
[SourceVersionDate "2023.09.30"]
[SourceQuality "1"]

1. e4 d5 2. exd5 Nf6 3. Nf3 Bg4 4. Nc3 Nxd5 5. h3 Bxf3 6. Qxf3 c6 7. b3 Nxc3 8. Qxc3 Nd7 9. Bb2 Nf6 10. Be2 Qb6 11. Qf3 0-0-0 12. a4 a5 13. 0-0 Rg8 14. Rad1 Kb8 15. b4 axb4 16. Be5+ Kc8 17. a5 Qxa5 18. d4 e6 19. Qf4 Qd5 20. Bf3 Qb5 21. Ra1 Be7 22. Bc7 Nd5 23. Bxd5 Qxd5 24. Bxd8 Rxd8 25. Qxf7 Kd7 26. Qxg7 Qb5 27. Qxh7 Rf8 28. Rae1 Qg5 29. Qe4 Rf6 30. f4 Qh4 31. Qe5 Bd6 32. Qg5 Qh8 33. Re4 Qf8 34. h4 Qf7 35. h5 b6 36. Ra1 Bc7 37. Ra7 Rf5 38. Qg6 Qf8 39. Qxe6+ 1-0

[Event "HUN-chT2 Breyer 2223"]
[Site "Hungary"]
[Date "2023.03.12"]
[Round "9.3"]
[White "Zanaty, Zsolt"]
[Black "Gaspar, David"]
[Result "0-1"]
[WhiteElo "2169"]
[BlackElo "2031"]
[PlyCount "40"]
[EventDate "2022.10.16"]
[EventType "team-tourn"]
[EventRounds "11"]
[EventCountry "HUN"]
[SourceTitle "EXT 2025"]
[Source "ChessBase"]
[SourceDate "2024.10.14"]
[SourceVersion "1"]
[SourceVersionDate "2024.10.14"]
[SourceQuality "1"]
[WhiteTeam "Varosgazda Akademia"]
[BlackTeam "Tatabanya"]
[WhiteTeamCountry "HUN"]
[BlackTeamCountry "HUN"]

1. d4 e6 2. c4 c5 3. d5 exd5 4. cxd5 d6 5. e4 g6 6. f4 Bg7 7. Nf3 a6 8. a4 Ne7 9. Bc4 Bg4 10. 0-0 f5 11. e5 dxe5 12. d6 e4 13. Qb3 exf3 14. dxe7 Qxe7 15. gxf3 Bh3 16. Rd1 Bd4+ 17. Kh1 Nc6 18. Qb6 Qh4 19. Bd5 Qf2 20. Bxc6+ Kf8 0-1

[Event "HUN-chT2 Breyer 2223"]
[Site "Hungary"]
[Date "2023.01.29"]
[Round "6.3"]
[White "Horvath, Kalman"]
[Black "Gaspar, David"]
[Result "1/2-1/2"]
[WhiteElo "2098"]
[BlackElo "2031"]
[PlyCount "102"]
[EventDate "2022.10.16"]
[EventType "team-tourn"]
[EventRounds "11"]
[EventCountry "HUN"]
[SourceTitle "EXT 2025"]
[Source "ChessBase"]
[SourceDate "2024.10.14"]
[SourceVersion "1"]
[SourceVersionDate "2024.10.14"]
[SourceQuality "1"]
[WhiteTeam "Nyergesujfalu"]
[BlackTeam "Tatabanya"]
[WhiteTeamCountry "HUN"]
[BlackTeamCountry "HUN"]

1. d4 Nf6 2. Nf3 e6 3. Bg5 d5 4. Nbd2 c5 5. dxc5 Bxc5 6. e3 0-0 7. c4 h6 8. Bh4 Nc6 9. a3 Be7 10. Nb3 Bd7 11. cxd5 Nxd5 12. Bxe7 Qxe7 13. Be2 Rfd8 14. 0-0 Qf6 15. Nbd4 e5 16. Nxc6 Bxc6 17. Qb3 Nb6 18. a4 Rd6 19. a5 Nd7 20. Rfd1 Re8 21. Qa3 Rxd1+ 22. Rxd1 Qe7 23. Qc3 Qc5 24. Qe1 Ba4 25. b4 Qe7 26. Ra1 Bc6 27. a6 b6 28. Rc1 Bxf3 29. Bxf3 e4 30. Be2 Ne5 31. Qc3 Rd8 32. Qc7 Rd7 33. Qb8+ Rd8 34. Rc8 Nc6 35. Qb7 Rxc8 36. Qxc8+ Nd8 37. g3 Kh7 38. Kg2 g5 39. Bg4 Kg7 40. Qa8 f6 41. Bf5 h5 42. h3 h4 43. g4 Nf7 44. Qb7 Kf8 45. Qb8+ Nd8 46. Qa8 Kg7 47. Bxe4 Nf7 48. Bd5 Nd6 49. Qg8+ Kh6 50. Be6 Qe8 51. f4 Qc6+ 1/2-1/2

[Event "HUN-chT2 Breyer 2223"]
[Site "Hungary"]
[Date "2022.12.04"]
[Round "4.3"]
[White "Kovacs, David"]
[Black "Gaspar, David"]
[Result "1-0"]
[WhiteElo "2121"]
[BlackElo "2031"]
[PlyCount "55"]
[EventDate "2022.10.16"]
[EventType "team-tourn"]
[EventRounds "11"]
[EventCountry "HUN"]
[SourceTitle "EXT 2025"]
[Source "ChessBase"]
[SourceDate "2024.10.14"]
[SourceVersion "1"]
[SourceVersionDate "2024.10.14"]
[SourceQuality "1"]
[WhiteTeam "Naszaly Geniusz Tata"]
[BlackTeam "Tatabanya"]
[WhiteTeamCountry "HUN"]
[BlackTeamCountry "HUN"]

1. e4 d5 2. exd5 Nf6 3. d4 Bg4 4. f3 Bf5 5. g4 Bg6 6. c4 e6 7. Nc3 Be7 8. Nh3 0-0 9. Be3 exd5 10. g5 Nfd7 11. Nxd5 Re8 12. Kf2 c5 13. dxc5 Bxc5 14. Bxc5 Nxc5 15. Rg1 Ne6 16. Bd3 Nc6 17. b3 b5 18. f4 Bxd3 19. Qxd3 Nc5 20. Qd1 Ne4+ 21. Kg2 bxc4 22. bxc4 Na5 23. Rc1 Rc8 24. Qd4 Qd7 25. Nf2 Qf5 26. Rge1 Nxf2 27. Rxe8+ Rxe8 28. Ne7+ 1-0

[Event "HUN-chT2 Breyer 2223"]
[Site "Hungary"]
[Date "2022.10.30"]
[Round "2.3"]
[White "Bitto, Zoltan"]
[Black "Gaspar, David"]
[Result "1-0"]
[WhiteElo "2016"]
[BlackElo "2031"]
[PlyCount "79"]
[EventDate "2022.10.16"]
[EventType "team-tourn"]
[EventRounds "11"]
[EventCountry "HUN"]
[SourceTitle "EXT 2025"]
[Source "ChessBase"]
[SourceDate "2024.10.14"]
[SourceVersion "1"]
[SourceVersionDate "2024.10.14"]
[SourceQuality "1"]
[WhiteTeam "Zsambek"]
[BlackTeam "Tatabanya"]
[WhiteTeamCountry "HUN"]
[BlackTeamCountry "HUN"]

1. d4 e6 2. c4 c5 3. d5 exd5 4. cxd5 d6 5. Nc3 g6 6. e4 Bg7 7. f4 Ne7 8. Nf3 a6 9. Bd3 b5 10. 0-0 0-0 11. Kh1 Nd7 12. Rb1 Bb7 13. Ne2 Qa5 14. a3 Qc7 15. b3 Nc8 16. Bb2 f6 17. Ng3 Ncb6 18. f5 c4 19. bxc4 bxc4 20. Bc2 c3 21. Bc1 a5 22. fxg6 hxg6 23. Nh4 Ne5 24. Bf4 Nbd7 25. Nf3 Ba6 26. Ne2 Nxf3 27. Rxf3 g5 28. Rxc3 Nc5 29. Be3 f5 30. Nd4 Qe7 31. exf5 Ne4 32. Rcb3 Nc5 33. Nc6 Qd7 34. Bxc5 dxc5 35. Qh5 Rae8 36. Qxg5 Qxd5 37. Ne7+ Rxe7 38. Qxe7 Bc4 39. Rg3 Qd4 40. Rb7 1-0

[Event "HUN-chT2 Breyer 2122"]
[Site "Hungary"]
[Date "2022.01.30"]
[Round "5.5"]
[White "Gaspar, David"]
[Black "Csoli, Odon"]
[Result "1/2-1/2"]
[WhiteElo "1989"]
[BlackElo "2157"]
[PlyCount "120"]
[EventDate "2021.10.10"]
[EventType "team-tourn"]
[EventRounds "9"]
[EventCountry "HUN"]
[SourceTitle "EXT 2025"]
[Source "ChessBase"]
[SourceDate "2024.10.14"]
[SourceVersion "1"]
[SourceVersionDate "2024.10.14"]
[SourceQuality "1"]
[WhiteTeam "Tatabanya"]
[BlackTeam "Biatorbagy II"]
[WhiteTeamCountry "HUN"]
[BlackTeamCountry "HUN"]

1. e4 c5 2. b4 cxb4 3. a3 d5 4. exd5 Qxd5 5. Nf3 e6 6. c4 Qd8 7. d4 Nf6 8. g3 Nc6 9. Bg2 Be7 10. 0-0 0-0 11. axb4 Bxb4 12. Qb3 a5 13. Rd1 Qe7 14. Nc3 Rd8 15. Nb5 Na7 16. Bd2 Bxd2 17. Rxd2 Nxb5 18. Qxb5 Bd7 19. Qxb7 Rdb8 20. Qc7 Rc8 21. Qf4 Bc6 22. d5 exd5 23. Ne5 Ne4 24. Nxc6 Rxc6 25. Rxd5 Re6 26. Rdxa5 Rxa5 27. Qb8+ Qe8 28. Qxe8+ Rxe8 29. Rxa5 g6 30. c5 Nd2 31. Ra8 Kf8 32. f4 Rxa8 33. Bxa8 Nb3 34. c6 Ke7 35. c7 Kd7 36. Bd5 Nd4 37. Bxf7 Kxc7 38. Kf2 Kd7 39. g4 Ke7 40. Bg8 h6 41. Ke3 Nc6 42. g5 hxg5 43. fxg5 Ne5 44. Kf4 Nd7 45. Bd5 Nf8 46. Ke4 Nh7 47. h4 Nf8 48. Bg8 Nd7 49. Bc4 Nf8 50. Kd5 Nd7 51. Bd3 Nf8 52. Bb5 Ne6 53. Ke5 Nf8 54. Ba4 Ne6 55. Bc2 Nf8 56. Bf5 gxf5 57. Kxf5 Kf7 58. h5 Kg7 59. g6 Nh7 60. Ke6 Nf6 1/2-1/2

[Event "HUN-chT2 Breyer 2122"]
[Site "Hungary"]
[Date "2021.12.19"]
[Round "4.4"]
[White "Gaspar, David"]
[Black "Szabo, Lajos"]
[Result "1/2-1/2"]
[WhiteElo "1989"]
[BlackElo "2012"]
[PlyCount "49"]
[EventDate "2021.10.10"]
[EventType "team-tourn"]
[EventRounds "9"]
[EventCountry "HUN"]
[SourceTitle "EXT 2025"]
[Source "ChessBase"]
[SourceDate "2024.10.14"]
[SourceVersion "1"]
[SourceVersionDate "2024.10.14"]
[SourceQuality "1"]
[WhiteTeam "Tatabanya"]
[BlackTeam "Esztergom"]
[WhiteTeamCountry "HUN"]
[BlackTeamCountry "HUN"]

1. d4 Nf6 2. Nc3 d5 3. Bf4 c6 4. e3 g6 5. h4 Bg7 6. Bd3 b6 7. Qe2 a5 8. a4 Na6 9. Nf3 Nb4 10. Ne5 Nd7 11. h5 Nxe5 12. Bxe5 Nxd3+ 13. Qxd3 Bf5 14. Qe2 f6 15. g4 Bc8 16. Bg3 Qd7 17. f3 Ba6 18. Qh2 0-0-0 19. 0-0-0 Bh6 20. Bf4 g5 21. Bg3 e6 22. Kb1 Rhf8 23. f4 f5 24. fxg5 Bxg5 25. Bf4 1/2-1/2

[Event "HUN-chT2 Breyer 1718"]
[Site "Hungary"]
[Date "2018.01.28"]
[Round "7.5"]
[White "Draga, Balazs"]
[Black "Gaspar, David"]
[Result "1/2-1/2"]
[WhiteElo "1928"]
[BlackElo "1877"]
[PlyCount "117"]
[EventDate "2017.09.24"]
[EventType "team-tourn"]
[EventRounds "11"]
[EventCountry "HUN"]
[SourceTitle "EXT 2021"]
[Source "ChessBase"]
[SourceDate "2020.10.23"]
[SourceVersion "1"]
[SourceVersionDate "2020.10.23"]
[SourceQuality "1"]
[WhiteTeam "Nyergesujfalu"]
[BlackTeam "Tatabanya Turul"]
[WhiteTeamCountry "HUN"]
[BlackTeamCountry "HUN"]

1. Nf3 g6 2. g3 Bg7 3. Bg2 Nf6 4. c4 0-0 5. Nc3 Nc6 6. 0-0 d6 7. d4 Rb8 8. d5 Na5 9. Nd2 c5 10. Rb1 a6 11. e4 Bd7 12. Qe2 b5 13. cxb5 axb5 14. b4 Ng4 15. bxc5 b4 16. c6 bxc3 17. Rxb8 Qxb8 18. cxd7 Ne5 19. Nb3 Nxb3 20. axb3 Nxd7 21. Bg5 Re8 22. Rb1 h6 23. Be3 Qc7 24. Qc4 Qa5 25. Bf1 Ne5 26. Qa4 Qxa4 27. bxa4 Rc8 28. Rc1 Nc4 29. Bxc4 Rxc4 30. f3 Rxa4 31. Rc2 Rb4 32. Bc1 e6 33. Kf2 exd5 34. exd5 Rb5 35. Ke3 Rxd5 36. Ba3 f5 37. Bb4 Rb5 38. Bxd6 Kf7 39. Ba3 Ke6 40. Kd3 Rd5+ 41. Ke2 Rb5 42. Kd3 Rb1 43. Re2+ Kd5 44. Rc2 Rd1+ 45. Ke2 Ra1 46. Bc1 Kc4 47. g4 fxg4 48. fxg4 g5 49. h3 Bd4 50. h4 Kb3 51. Kd3 Bf6 52. hxg5 hxg5 53. Rf2 Rxc1 54. Rxf6 Rd1+ 55. Ke4 Kc2 56. Rc6 Rg1 57. Kf5 Kd2 58. Kxg5 c2 59. Kf5 1/2-1/2

[Event "HUN-chT2 Breyer 1516"]
[Site "Hungary"]
[Date "2016.04.03"]
[Round "10.4"]
[White "Tessedik, Karoly"]
[Black "Gaspar, David"]
[Result "0-1"]
[WhiteElo "1879"]
[BlackElo "1864"]
[PlyCount "120"]
[EventDate "2015.09.13"]
[EventType "team-tourn"]
[EventRounds "11"]
[EventCountry "HUN"]
[SourceTitle "EXT 2017"]
[Source "ChessBase"]
[SourceDate "2016.10.25"]
[SourceVersion "1"]
[SourceVersionDate "2016.10.25"]
[SourceQuality "1"]
[WhiteTeam "TTC Sakk"]
[BlackTeam "Turul"]
[WhiteTeamCountry "HUN"]
[BlackTeamCountry "HUN"]

1. d4 Nf6 2. c4 g6 3. Nc3 Bg7 4. e4 d6 5. f3 0-0 6. Be3 c6 7. Qd2 Nbd7 8. Bd3 a6 9. Nge2 b5 10. b3 Rb8 11. cxb5 axb5 12. 0-0 Ne8 13. Rac1 Nb6 14. Kh1 f5 15. Rfe1 e5 16. Bb1 Nf6 17. dxe5 dxe5 18. Red1 Nfd7 19. Qc2 Qh4 20. Ng1 Nf6 21. Qd2 f4 22. Bf2 Qh6 23. Nce2 g5 24. Rxc6 Ng4 25. fxg4 Qxc6 26. h3 Nd7 27. Qd5+ Qxd5 28. Rxd5 Nf6 29. Rd1 Bb7 30. Nc3 b4 31. Nd5 Bxd5 32. exd5 e4 33. Bd4 Rfe8 34. Ne2 Nd7 35. Bxg7 Kxg7 36. Nd4 Nc5 37. Nf5+ Kf6 38. d6 Rbd8 39. Rd5 Re5 40. Rd1 e3 41. Re1 Rd7 42. Kg1 Nb7 43. Nd4 Rxd6 44. Nf3 Re7 45. h4 h6 46. hxg5+ hxg5 47. Rc1 e2 48. Re1 Rd1 49. Kf2 Rxe1 50. Kxe1 Nc5 51. Nd4 Ne4 52. Bxe4 Rxe4 53. Nxe2 Ke5 54. Kd2 Re3 55. Ng1 Kd4 56. Nf3+ Kd5 57. Kd1 Re8 58. Nxg5 Ra8 59. Nh3 Ke4 60. g5 Rxa2 0-1

[Event "HUN-chT2 Breyer 1516"]
[Site "Hungary"]
[Date "2015.11.08"]
[Round "4.4"]
[White "Gaspar, David"]
[Black "Kovacs, David"]
[Result "0-1"]
[WhiteElo "1833"]
[BlackElo "2194"]
[PlyCount "52"]
[EventDate "2015.09.13"]
[EventType "team-tourn"]
[EventRounds "11"]
[EventCountry "HUN"]
[SourceTitle "CBM 170 Extra"]
[Source "ChessBase"]
[SourceDate "2016.02.25"]
[SourceVersion "1"]
[SourceVersionDate "2016.02.25"]
[SourceQuality "1"]
[WhiteTeam "Turul"]
[BlackTeam "Naszaly Geniusz Tata"]
[WhiteTeamCountry "HUN"]
[BlackTeamCountry "HUN"]

1. e4 e5 2. f4 exf4 3. Nf3 g5 4. Bc4 Bg7 5. h4 h6 6. d4 d6 7. g3 g4 8. Bxf4 gxf3 9. Qxf3 Qe7 10. Nc3 Nf6 11. 0-0 Nc6 12. e5 dxe5 13. Bxe5 Nxe5 14. dxe5 Qc5+ 15. Kh1 Qxc4 16. exf6 Bf8 17. Rfe1+ Be6 18. Qxb7 Rd8 19. Nb5 Bd6 20. Re4 Qc5 21. Nd4 0-0 22. Nxe6 fxe6 23. Rxe6 Qf5 24. Re2 Rxf6 25. Rg2 Qh3+ 26. Kg1 Bc5+ 0-1

[Event "HUN-chT2 Breyer 1415"]
[Site "Hungary"]
[Date "2015.04.26"]
[Round "?"]
[White "Rosta, Sandor"]
[Black "Gaspar, David"]
[Result "0-1"]
[WhiteElo "2059"]
[BlackElo "1845"]
[PlyCount "138"]
[EventDate "2014.09.07"]
[EventType "team-tourn"]
[EventRounds "11"]
[EventCountry "HUN"]
[SourceTitle "EXT 2016"]
[Source "ChessBase"]
[SourceDate "2015.10.08"]
[SourceVersion "1"]
[SourceVersionDate "2015.10.08"]
[SourceQuality "1"]
[WhiteTeam "Szazhalombatta"]
[BlackTeam "Turul"]
[WhiteTeamCountry "HUN"]
[BlackTeamCountry "HUN"]

1. e4 c5 2. c3 g6 3. d4 cxd4 4. cxd4 d5 5. exd5 Bg7 6. Nc3 Nf6 7. Bc4 Nbd7 8. d6 0-0 9. dxe7 Qxe7+ 10. Nge2 Nb6 11. Bb3 Bf5 12. 0-0 Rfe8 13. Ng3 Qd7 14. Nxf5 Qxf5 15. Bc2 Qd7 16. Qf3 Rac8 17. Bb3 Qxd4 18. Be3 Qh4 19. Bxb6 axb6 20. h3 Re7 21. Rfe1 Rce8 22. Rxe7 Rxe7 23. Rd1 h5 24. Qd3 Kh7 25. Qd6 Ne4 26. Nxe4 Qxe4 27. Qd2 Qe5 28. Qd8 Qf6 29. Kf1 Qe5 30. Qd6 Qe2+ 31. Kg1 Qe1+ 32. Rxe1 Rxe1+ 33. Kh2 Be5+ 34. Qxe5 Rxe5 35. Kg3 f6 36. Kf3 Kh6 37. h4 g5 38. hxg5+ fxg5 39. Bc4 Kg6 40. a4 Kf6 41. b3 Ke7 42. Bd3 Kd6 43. Bg6 h4 44. Bd3 Kc5 45. Kg4 Kb4 46. Bc4 Kc3 47. g3 Re4+ 48. Kh3 hxg3 49. Kxg3 Rf4 50. Bd5 Rb4 51. Bc4 Rxb3 52. Bxb3 Kxb3 53. Kg4 Kxa4 54. Kxg5 b5 55. f4 b4 56. f5 b3 57. f6 b2 58. f7 b1Q 59. f8Q Qc1+ 60. Kg4 b5 61. Qe8 Qc4+ 62. Kf3 Kb3 63. Ke3 Qc3+ 64. Ke2 b4 65. Kd1 Qc2+ 66. Ke1 Kb2 67. Qe6 b3 68. Qd5 Kb1 69. Qd4 Qc1+ 0-1

[Event "HUN-chT2 Breyer 1314"]
[Site "Hungary"]
[Date "2014.04.27"]
[Round "9"]
[White "Gaspar, David"]
[Black "Mervo, Jozsef"]
[Result "0-1"]
[WhiteElo "1763"]
[BlackElo "2024"]
[PlyCount "105"]
[EventDate "2013.09.08"]
[EventType "team-tourn"]
[EventRounds "9"]
[EventCountry "HUN"]
[SourceTitle "EXT 2016"]
[Source "ChessBase"]
[SourceDate "2015.10.08"]
[SourceVersion "1"]
[SourceVersionDate "2015.10.08"]
[SourceQuality "1"]
[WhiteTeam "Tatabanya Turul"]
[BlackTeam "Biatorbagy"]
[WhiteTeamCountry "HUN"]
[BlackTeamCountry "HUN"]

1. e4 c5 2. Nc3 Nc6 3. g3 g6 4. Bg2 Bg7 5. d3 Rb8 6. f4 b5 7. Nf3 d6 8. 0-0 b4 9. Ne2 Qb6 10. c3 bxc3 11. bxc3 Nf6 12. Qc2 Ba6 13. Kh1 0-0 14. h3 Nd7 15. Qd2 Qa5 16. g4 Qa4 17. a3 Rb6 18. Ra2 Rfb8 19. h4 Na5 20. h5 Qc6 21. hxg6 hxg6 22. f5 Nb3 23. Qe3 Nxc1 24. Rxc1 Rb1 25. Rac2 Nf6 26. Ne1 Nxg4 27. Qg3 Rxc1 28. Nxc1 gxf5 29. exf5 Qa4 30. Re2 Be5 31. Qh4 Qf4 32. Bh3 Bb7+ 33. Kg1 Nf6 34. Qxf4 Bxf4 35. Nb3 Bd5 36. Na1 Rb1 37. Nac2 Bg3 38. Rxe7 Kf8 39. Re2 Nh5 40. Re3 Bf4 41. Re2 Bg3 42. c4 Nf4 43. Re3 Nxh3+ 44. Kf1 Bxe1 45. Nxe1 Nf4 46. cxd5 Nxd5 47. Re4 Kg7 48. Ra4 Rb7 49. Ra6 Rd7 50. Nf3 Kf6 51. Nh4 Ne3+ 52. Kf2 Nxf5 53. Nf3 0-1

[Event "Budapest Art Pub Cup 3rd"]
[Site "Budapest"]
[Date "2014.01.05"]
[Round "7"]
[White "Juhasz, Bela"]
[Black "Gaspar, David"]
[Result "1-0"]
[WhiteElo "2115"]
[BlackElo "1804"]
[PlyCount "65"]
[EventDate "2014.01.02"]
[EventType "swiss"]
[EventRounds "7"]
[EventCountry "HUN"]
[SourceTitle "CBM 158 Extra"]
[Source "ChessBase"]
[SourceDate "2014.02.28"]
[SourceVersion "1"]
[SourceVersionDate "2014.02.28"]
[SourceQuality "1"]

1. d4 g6 2. c4 Nf6 3. Nf3 Bg7 4. g3 0-0 5. Bg2 d6 6. 0-0 Nc6 7. d5 Na5 8. Nfd2 c5 9. Nc3 Rb8 10. Qc2 a6 11. b3 b5 12. Bb2 e5 13. e4 Bh6 14. Ncb1 Nh5 15. b4 Nxc4 16. Nxc4 bxc4 17. bxc5 f5 18. Na3 fxe4 19. Nxc4 dxc5 20. Bxe5 Rb7 21. Bxe4 Nf6 22. Bg2 Bf5 23. Qe2 Rd7 24. d6 Be6 25. Rab1 Ng4 26. f4 Rf5 27. Bh3 Nxe5 28. Nxe5 Rxd6 29. Bxf5 Bxf5 30. Rbd1 Bf8 31. Rxd6 Qxd6 32. Rd1 Qe6 33. g4 1-0

[Event "HUN-chT2 Breyer 1314"]
[Site "Hungary"]
[Date "2013.11.03"]
[Round "4"]
[White "Gaspar, David"]
[Black "Feher, Attila"]
[Result "0-1"]
[WhiteElo "1763"]
[BlackElo "2135"]
[PlyCount "38"]
[EventDate "2013.09.08"]
[EventType "team-tourn"]
[EventRounds "9"]
[EventCountry "HUN"]
[SourceTitle "EXT 2016"]
[Source "ChessBase"]
[SourceDate "2015.10.08"]
[SourceVersion "1"]
[SourceVersionDate "2015.10.08"]
[SourceQuality "1"]
[WhiteTeam "Tatabanya Turul"]
[BlackTeam "Torokbalint"]
[WhiteTeamCountry "HUN"]
[BlackTeamCountry "HUN"]

1. e4 c5 2. Nc3 e6 3. g3 d5 4. exd5 exd5 5. d4 Nc6 6. Bg2 cxd4 7. Nxd5 Be6 8. Qe2 Nf6 9. Bg5 Be7 10. Nxe7 Qxe7 11. a3 h6 12. Bd2 0-0 13. Nh3 d3 14. Qe3 Ng4 15. Qe4 f5 16. Bb4 fxe4 17. Bxe7 Nxe7 18. Bxe4 Nf6 19. Bxd3 Bxh3 0-1